Bibliotheca de Instrução e Educação Profissional, Fiação e tecelagem (Registo nº 200855)

Detalhes MARC
000 -Etiqueta do registo
Valores 00688nam 22001813 4500
100 ## - Dados gerais de processamento
Dados gerais 20260302d u||y0pory50 ba
200 ## - Titulo e menção de responsabilidade
Título próprio Bibliotheca de Instrução e Educação Profissional, Fiação e tecelagem
Primeira menção de responsabilidade Bibliotheca de Instrução e Educação Profissional
210 ## - Publicação
Local de publicação Lisboa
Nome do editor Bibliotheca de Instrução e Educação Profissional
Data de publicação 1905
215 ## - Descrição física 
Paginação / Volumes 102, [4] p.
Outras indicações físicas il. ; encadernado
Dimensões 23 cm
300 ## - Notas gerais 
Texto da nota Manual do operário
606 ## - Nome comum usado como assunto
ID Autoridade 12872
Palavra de ordem Desenho. Design. Artes e Ofícios Aplicados
675 ## - CDU
Notação 74
Edição PT
Língua por
710 ## - Autor principal (colectividade)
ID Autoridade 16561
Nome da entidade Bibliotheca de Instrução e Educação Profissional
801 ## - Fonte de origem
País PT
Agência BMMN
Regras de catalogação RPC
830 ## - Notas gerais do catalogador
Criado por Vanda
990 ## - Elementos KOHA
Tipo de documento Livro
Exemplares
Situação do levantamento Biblioteca de origem Código de barras Cota Permissão de empréstimo Tipo de documento Forma de aquisição
  Biblioteca Municipal de Montemor-o-Novo 30114 74 BIB|DEP (preservado)   Livro Compra

Powered by Koha